00638 2200241 4500001002100000005001500021035002000036245008000056100002000136250000600156300003500162260003800197082001100235084001700246020002100263650001000284990001700294990001700311990001700328990001700345990001700362990001700379INLIS00000000000034520181009032157 a0010-10180000351 aFiqih Dasar Islam :bTerjemah Mabadiul Fiqih Jilid kedua /cAgus Syaefuddin0 aAgus Syaefuddin a- avi, 42 hlm. :bilus. ;c25 cm. aSurabaya :bCV Al Maktabah,c2009 a297.14 a297.14 AGU f a978-979-0409-354 aFiqih a01395/P/2018 a01396/P/2018 a01395/P/2018 a01396/P/2018 a01396/P/2018 a01395/P/2018